000 00534nam a2200181Ia 4500
003 GCL
008 140319s9999 xx 000 0 ara d
040 _aGCL /
_cGCL
082 0 4 _aط
_b813.0876
_bد م
100 1 _aعفاف عبدالبارى
245 1 0 _aسر الكوكب الضاحك /
_cعفاف عبدالبارى
260 _a[S.N] :
_bدار الجيل
300 _a31 ص
490 _aمغامرات الجيل الضاحكة
_v0
650 0 4 _aالاطفال
650 0 4 _aالقصص العلمية
942 _2ddc
_cBK
999 _c58115
_d58115